Countries of the world by area - hard version - Statistics

General Stats
  • This quiz has been taken 46 times
  • The average score is 121 of 196
Answer Stats
Hint Answer % Correct
A Algeria
100%
A Argentina
100%
A Australia
100%
B Brazil
100%
C Canada
100%
C China
100%
I India
100%
K Kazakhstan
100%
R Russia
100%
U United States
100%
D D. R. Congo
95%
I Indonesia
95%
L Libya
90%
M Mexico
90%
S Saudi arabia
90%
S Sudan
90%
Y Yemen
90%
Z Zambia
90%
M Mali
85%
M Mongolia
85%
P Pakistan
85%
T Turkey
85%
V Venezuela
85%
A Angola
80%
B Bolivia
80%
C Chad
80%
C Colombia
80%
E Ethiopia
80%
I Iran
80%
J Japan
80%
N Niger
80%
P Peru
80%
T Tanzania
80%
U Ukraine
80%
E Egypt
75%
F France
75%
K Kenya
75%
M Mauritania
75%
N Nigeria
75%
S South africa
75%
Z Zimbabwe
75%
A Afghanistan
70%
B Botswana
70%
C Central African Republic
70%
C Chile
70%
L Liechtenstein
70%
M Monaco
70%
M Mozambique
70%
M Myanmar
70%
N Namibia
70%
N Nauru
70%
O Oman
70%
Q Qatar
70%
S San Marino
70%
S Somalia
70%
S South Sudan
70%
S Spain
70%
T Thailand
70%
T Turkmenistan
70%
T Tuvalu
70%
U Uzbekistan
70%
V Vatican City
70%
C Cameroon
65%
F Finland
65%
G Grenada
65%
K Kiribati
65%
L Luxembourg
65%
M Madagascar
65%
M Maldives
65%
M Malta
65%
M Marshall Islands
65%
N Norway
65%
P Papua new Guinea
65%
S Saint Kitts and Nevis
65%
S Saint Vincent and the Grenadines
65%
S Seychelles
65%
S Sweden
65%
T Tonga
65%
U United Kingdom
65%
V Vanuatu
65%
A Andorra
60%
A Antigua and Barbuda
60%
B Barbados
60%
D Djibouti
60%
I Iraq
60%
J Jordan
60%
K Kyrgyzstan
60%
L Laos
60%
M Malaysia
60%
M Morocco
60%
N Nepal
60%
P Palau
60%
P Paraguay
60%
P Philippines
60%
R Republic of the Congo
60%
S Saint Lucia
60%
T Tajikistan
60%
T Trinidad and Tobago
60%
U Uganda
60%
U Uruguay
60%
V Vietnam
60%
B Bahrain
55%
B Brunei
55%
C Cape Verde
55%
C Comoros
55%
C Cyprus
55%
D Dominica
55%
D Dominican Republic
55%
E East Timor
55%
E Ecuador
55%
E El Salvador
55%
E Eritrea
55%
F Fiji
55%
F F. S. Micronesia
55%
G Gambia
55%
G Guinea
55%
G Guyana
55%
H Haiti
55%
H Honduras
55%
I Italy
55%
J Jamaica
55%
K Kosovo
55%
L Lebanon
55%
N North Korea
55%
P Poland
55%
R Romania
55%
U United Arab Emirates
55%
A Austria
50%
A Azerbaijan
50%
B Belarus
50%
B Belize
50%
B Bhutan
50%
B Burkina Faso
50%
C Cambodia
50%
D Denmark
50%
E Equatorial Guinea
50%
E Eswatini
50%
G Gabon
50%
G Georgia
50%
G Germany
50%
G Guatemala
50%
I Israel
50%
I Ivory Coast
50%
K Kuwait
50%
L Liberia
50%
N New Zealand
50%
N Nicaragua
50%
P Portugal
50%
R Rwanda
50%
S São Tomé and Príncipe
50%
S Sierra Leone
50%
S Singapore
50%
T Togo
50%
T Tunisia
50%
A Albania
45%
A Armenia
45%
B Bahamas
45%
B Bangladesh
45%
B Belgium
45%
B Benin
45%
B Bosnia and Herzegovina
45%
B Bulgaria
45%
B Burundi
45%
C Costa Rica
45%
C Croatia
45%
C Czech Republic
45%
E Estonia
45%
G Ghana
45%
G Greece
45%
H Hungary
45%
I Iceland
45%
I Ireland
45%
L Latvia
45%
L Lesotho
45%
L Lithuania
45%
M Malawi
45%
M Mauritius
45%
M Moldova
45%
N Netherlands
45%
P Panama
45%
S Senegal
45%
S Sri Lanka
45%
S Suriname
45%
S Switzerland
45%
S Syria
45%
T Taiwan
45%
C Cuba
40%
G Guinea-Bissau
40%
M Montenegro
40%
S Samoa
40%
S Solomon Islands
40%
N North Macedonia
35%
S Serbia
35%
S Slovakia
35%
S South Korea
35%
S Slovenia
30%
No matching quizzes found
Score Distribution
Percent of People with Each Score
Percentile by Number Answered
Your Score History
You have not taken this quiz